Dynamic physical education for elementary school children / (Record no. 21281)
[ view plain ]
| 000 -LEADER | |
|---|---|
| fixed length control field | 01213nam a22003257a 4500 |
| 003 - CONTROL NUMBER IDENTIFIER | |
| control field | OSt |
| 005 - DATE AND TIME OF LATEST TRANSACTION | |
| control field | 20210604112629.0 |
| 008 - FIXED-LENGTH DATA ELEMENTS--GENERAL INFORMATION | |
| fixed length control field | 170126b xxu||||| |||| 00| 0 eng d |
| 020 ## - INTERNATIONAL STANDARD BOOK NUMBER | |
| International Standard Book Number | 0023277300 |
| 040 ## - CATALOGING SOURCE | |
| Original cataloging agency | MMU |
| Language of cataloging | eng |
| Transcribing agency | MMU |
| Modifying agency | MMU |
| 050 00 - LIBRARY OF CONGRESS CALL NUMBER | |
| Classification number | GV443 |
| Item number | .D95 |
| 100 ## - MAIN ENTRY--PERSONAL NAME | |
| Personal name | Dauer ,P Victor |
| 245 00 - TITLE STATEMENT | |
| Title | Dynamic physical education for elementary school children / |
| Statement of responsibility, etc. | Victor P Dauer |
| 250 ## - EDITION STATEMENT | |
| Edition statement | 9th ed. |
| 260 ## - PUBLICATION, DISTRIBUTION, ETC. (IMPRINT) | |
| Place of publication, distribution, etc. | New York. : |
| Name of publisher, distributor, etc. | Macmillan . |
| Date of publication, distribution, etc. | 1989. |
| 300 ## - PHYSICAL DESCRIPTION | |
| Extent | 694 . : |
| Other physical details | ill. ; |
| Dimensions | 29 cm. |
| 362 1# - DATES OF PUBLICATION AND/OR SEQUENTIAL DESIGNATION | |
| Dates of publication and/or sequential designation | Began with 3rd ed. in 1968. |
| 500 ## - GENERAL NOTE | |
| General note | Includes index. |
| 588 ## - SOURCE OF DESCRIPTION NOTE | |
| Source of description note | Description based on: 6th ed., copyright 1979. |
| 588 ## - SOURCE OF DESCRIPTION NOTE | |
| Source of description note | Latest issue consulted: 12th ed., published in 1997 (surrogate). |
| 590 ## - LOCAL NOTE (RLIN) | |
| Local note | SERBIB/SERLOC merged record |
| 650 #0 - SUBJECT ADDED ENTRY--TOPICAL TERM | |
| Topical term or geographic name as entry element | Physical education for children |
| Geographic subdivision | United States. |
| 650 #0 - SUBJECT ADDED ENTRY--TOPICAL TERM | |
| Topical term or geographic name as entry element | Physical education for children |
| General subdivision | Curricula |
| Geographic subdivision | United States. |
| 650 #0 - SUBJECT ADDED ENTRY--TOPICAL TERM | |
| Topical term or geographic name as entry element | Physical education for children |
| General subdivision | Study and teaching |
| Geographic subdivision | United States. |
| 650 #0 - SUBJECT ADDED ENTRY--TOPICAL TERM | |
| Topical term or geographic name as entry element | Child development |
| Geographic subdivision | United States. |
| 700 1# - ADDED ENTRY--PERSONAL NAME | |
| Personal name | Dauer, Victor Paul, |
| Dates associated with a name | 1909-2000. |
| 700 1# - ADDED ENTRY--PERSONAL NAME | |
| Personal name | Pangrazi, Robert P. |
| 780 00 - PRECEDING ENTRY | |
| Title | Fitness for elementary school children through physical education |
| 942 ## - ADDED ENTRY ELEMENTS (KOHA) | |
| Source of classification or shelving scheme | Library of Congress Classification |
| Koha item type | L |
| Withdrawn status | Lost status | Source of classification or shelving scheme | Damaged status | Not for loan | Home library | Current library | Date acquired | Source of acquisition | Total Checkouts | Full call number | Barcode | Date last seen | Price effective from | Koha item type |
|---|---|---|---|---|---|---|---|---|---|---|---|---|---|---|
| Library of Congress Classification | Maasai Mara University Library -Main Campus | Maasai Mara University Library -Main Campus | 01/26/2017 | Donation -T4C | GV443 .D32 1989 | 17020851 | 01/26/2017 | 01/26/2017 | L |